000 01052nam a2200241 a 4500
001 BRCA_5977
005 20190320205302.0
008 280311s2010----mx-a######---#000-0#spa-#
020 _a9786070213342
041 _aspa
044 _amx
050 4 _aPQ4866.L5
_b.F36 2010
100 1 _aFantechi, Francesco
_915093
245 1 0 _aClaudio Linati
_bla vida aventurera de un revolucionario europeo del siglo XIX que introdujo la litografía a México y se involucró en sus afanes republicanos
_cFrancesco Fantechi ; traducción Miguel Bustos García.
260 _aMéxico
_bUNAM, Escuela Nacional de Artes Plásticas
_c2010
300 _a217 p.
_bil. (algunas a color)
_c20 cm.
500 _aTraducción de: Claudio Linati: la litografia, pretesto di un revoluzionario, Italia e Messico
600 1 4 _aLinati, Claudio
_d1790-1832
_vNovela
_915094
650 1 4 _aLitografía italiana
_vNovela
_xHistoria
_ySiglo XIX
_zMéxico
_915095
651 4 _aMéxico
_vNovela
_xHistoria
_ySiglo XIX
_915096
700 1 _aBustos García, Miguel
_etr.
_915097
942 _2lcc
_cB
999 _c5666
_d5666